MARC details
| 000 -CABECERA |
| campo de control de longitud fija |
01843nam a2200337 a 4500 |
| 001 - NÚMERO DE CONTROL |
| campo de control |
BRCA_2844 |
| 005 - FECHA Y HORA DE LA ÚLTIMA TRANSACCIÓN |
| campo de control |
20190320204008.0 |
| 008 - DATOS DE LONGITUD FIJA--INFORMACIÓN GENERAL |
| campo de control de longitud fija |
101208s1780----gw-a---###---#000-0dger-u |
| 041 ## - CÓDIGO DE LENGUA |
| Código de lengua del texto/banda sonora o título independiente |
ger |
| 044 ## - CÓDIGO DEL PAÍS DE LA ENTIDAD EDITORA/PRODUCTORA |
| Código MARC del país |
gw |
| 084 ## - OTRO NÚMERO DE CLASIFICACIÓN |
| Número de clasificación |
269 |
| Número de documento/Ítem |
.F75 |
| -- |
1780 |
| 100 1# - ENTRADA PRINCIPAL--NOMBRE DE PERSONA |
| Nombre de persona |
Cervantes Saavedra, Miguel de |
| Fechas asociadas al nombre |
1547-1616 |
| 9 (RLIN) |
213 |
| 245 10 - MENCIÓN DE TÍTULO |
| Título |
Leben und Thaten des weisen Junkers Don Quixote von la Mancha |
| Mención de responsabilidad, etc. |
Miguel de Cervantes Saavedra. |
| 260 ## - PUBLICACIÓN, DISTRIBUCIÓN, ETC. |
| Lugar de publicación, distribución, etc. |
Leipzig |
| Nombre del editor, distribuidor, etc. |
Gaspar Fritsch |
| Fecha de publicación, distribución, etc. |
1780 |
| 300 ## - DESCRIPCIÓN FÍSICA |
| Extensión |
6 v. |
| Otras características físicas |
il. |
| Dimensiones |
17 cm. |
| 500 ## - NOTA GENERAL |
| Nota general |
Contenido : v 1. Primera parte. Retrato de Cervantes. Vida y obra de Cervantes por F. J. Bertuch. Prólogo del autor. Texto. -- v 2. Texto. -- v 3. Segunda parte. Texto. -- v 4. Texto. -- v 5. Primera parte de la continucación por Avellaneda. Texto. -- v 6. Segunda de la continuación por Avellaneda. Texto |
| 500 ## - NOTA GENERAL |
| Nota general |
Edición : Aus der Urshrift des Cervantes, nebst der Fortsetzung des Avellaneda. In 6 Bánden von F. J. Bertuch. Zwote Ausgabe mit Kupfern |
| 500 ## - NOTA GENERAL |
| Nota general |
Reproducción de la edición del LO-268, impresa en Weimar, pero mejorado el papel y los tipos y añadiendo 15 láminas y viñetas, ambas dibujadas por Chodowiecki y grabadas en cobre por Berger. Semipiel; lomeras decoradas con adornos dorados Lúdovik Osterc |
| 500 ## - NOTA GENERAL |
| Nota general |
Con ex-libris de : W. Carpelan |
| 500 ## - NOTA GENERAL |
| Nota general |
QM501 |
| 546 ## - NOTA DE LENGUA/LENGUAJE |
| Nota de lengua/lenguaje |
Texto en : alemán |
| 650 14 - PUNTO DE ACCESO ADICIONAL DE MATERIA--TÉRMINO DE MATERIA |
| Término de materia o nombre geográfico como elemento de entrada |
Novela española |
| Subdivisión cronológica |
Época clásica, 1500-1700 |
| 9 (RLIN) |
215 |
| 650 14 - PUNTO DE ACCESO ADICIONAL DE MATERIA--TÉRMINO DE MATERIA |
| Término de materia o nombre geográfico como elemento de entrada |
Literatura española |
| Subdivisión cronológica |
Época clásica, 1500-1700 |
| 9 (RLIN) |
216 |
| 650 14 - PUNTO DE ACCESO ADICIONAL DE MATERIA--TÉRMINO DE MATERIA |
| Término de materia o nombre geográfico como elemento de entrada |
Novela española |
| Subdivisión cronológica |
Siglo XVII |
| 9 (RLIN) |
217 |
| 650 14 - PUNTO DE ACCESO ADICIONAL DE MATERIA--TÉRMINO DE MATERIA |
| Término de materia o nombre geográfico como elemento de entrada |
Don Quijote (Personaje ficticio) |
| Término indicativo de función/relación |
Novela |
| 9 (RLIN) |
218 |
| 700 1# - PUNTO DE ACCESO ADICIONAL--NOMBRE DE PERSONA |
| Nombre de persona |
Chodowiecki, Daniel Nikolaus |
| Fechas asociadas al nombre |
1726-1801 |
| Término indicativo de función/relación |
Ilustrador |
| 9 (RLIN) |
7957 |
| 700 1# - PUNTO DE ACCESO ADICIONAL--NOMBRE DE PERSONA |
| Nombre de persona |
Bertuch, Friedrich Johann Justin |
| Fechas asociadas al nombre |
1747-1822 |
| Término indicativo de función/relación |
Traductor |
| 9 (RLIN) |
7958 |
| 740 0# - PUNTO DE ACCESO ADICIONAL--TÍTULO RELACIONADO O ANALÍTICO NO CONTROLADO |
| Título relacionado o analítico no controlado |
El Ingenioso Hidalgo Don Quijote de la Mancha |
| 902 ## - CATALOGADOR |
| Iniciales |
QFM |
| 942 ## - ELEMENTOS DE PUNTO DE ACCESO ADICIONAL (KOHA) |
| Fuente del sistema de clasificación o colocación |
Library of Congress Classification |
| Tipo de ítem Koha |
Libros |